[Event "9. Bayer Sommeropen"]
[Site "Leverkusen"]
[Date "2025.08.16"]
[Round "2.11"]
[White "Breitkopf-Lazar, Patrick-Robert"]
[Black "Kerz, Markus"]
[Result "1-0"]
[WhiteElo "2218"]
[BlackElo "1988"]
[PlyCount "77"]
[GameId "2217913298121679"]
[EventDate "2025.??.??"]

1. e4 c5 2. Nf3 e6 3. d4 cxd4 4. Nxd4 Nf6 5. Nc3 Nc6 6. Nxc6 bxc6 7. e5 Nd5 8. Ne4 Bb7 9. c4 Nb4 10. Bd2 c5 11. Nd6+ Bxd6 12. exd6 Nc6 13. Bc3 O-O 14. Qg4 Nd4 15. O-O-O e5 16. f4 f5 17. Qg3 exf4 18. Qxf4 Ne6 19. Qf2 Qg5+ 20. Kb1 Qf4 21. Qxf4 Nxf4 22. Rg1 Rae8 23. Re1 Rxe1+ 24. Bxe1 Re8 25. Bf2 Ne2 26. Bxe2 Rxe2 27. Bxc5 Bxg2 28. Bxa7 f4 29. a4 f3 30. a5 f2 31. Bxf2 Rxf2 32. Rxg2 Rxg2 33. a6 Re2 34. b4 Re4 35. Kb2 Re2+ 36. Kb3 Re1 37. b5 Ra1 38. c5 Kf7 39. b6 1-0

[Event "9. Bayer Sommeropen"]
[Site "Leverkusen"]
[Date "2025.08.16"]
[Round "2.12"]
[White "Böhm, Stefan"]
[Black "Germund, Marlon"]
[Result "0-1"]
[WhiteElo "1962"]
[BlackElo "2076"]
[PlyCount "46"]
[GameId "2217913298121680"]
[EventDate "2025.??.??"]

1. e4 e5 2. Nf3 Nc6 3. Bc4 Nf6 4. d4 exd4 5. e5 d5 6. Bb5 Nd7 7. O-O Be7 8. Re1 O-O 9. Bxc6 bxc6 10. Nxd4 Nb8 11. Nc3 c5 12. Nf3 Bb7 13. Bf4 Na6 14. Ne2 d4 15. Ng3 Nb4 16. a3 Nd5 17. Bd2 f6 18. c3 fxe5 19. Nxe5 Bd6 20. c4 Ne3 21. fxe3 Bxe5 22. exd4 Qxd4+ 23. Be3 Qxb2 0-1

[Event "9. Bayer Sommeropen"]
[Site "Leverkusen"]
[Date "2025.08.16"]
[Round "2.13"]
[White "Atar, Efecan"]
[Black "Engel, Bruno"]
[Result "1/2-1/2"]
[WhiteElo "1902"]
[BlackElo "2192"]
[PlyCount "32"]
[GameId "2217913298121681"]
[EventDate "2025.??.??"]

1. c4 d6 2. g3 Nf6 3. Bg2 g6 4. Nc3 Bg7 5. e4 c5 6. Nge2 Nc6 7. d3 Bd7 8. O-O a6 9. h3 Rb8 10. a4 e5 11. Be3 Nd4 12. a5 b6 13. axb6 Rxb6 14. Bg5 Rxb2 15. Nxd4 cxd4 16. Nd5 h6 1/2-1/2

[Event "9. Bayer Sommeropen"]
[Site "Leverkusen"]
[Date "2025.08.16"]
[Round "2.14"]
[White "Coenen, Michael"]
[Black "Kock, Sebastian"]
[Result "1-0"]
[WhiteElo "2316"]
[BlackElo "1900"]
[PlyCount "65"]
[GameId "2217913298121682"]
[EventDate "2025.??.??"]

1. Nf3 Nf6 2. d4 d5 3. g3 c6 4. Bg2 g6 5. c4 Bg7 6. O-O O-O 7. cxd5 cxd5 8. Nc3 Ne4 9. Ne5 Nxc3 10. bxc3 Nc6 11. Nxc6 bxc6 12. Qa4 Bd7 13. Qa3 e5 14. dxe5 Bxe5 15. Be3 Be6 16. Bc5 Re8 17. Rfd1 Qf6 18. Rac1 Bc7 19. e3 Bb6 20. Rd4 Rab8 21. Rf4 Qd8 22. Ra4 Bf5 23. Rd4 Qf6 24. c4 Be4 25. cxd5 cxd5 26. Bxb6 Rxb6 27. Qxa7 Ra6 28. Qd7 Rd8 29. Rc8 Rxc8 30. Qxc8+ Kg7 31. Bxe4 Rxa2 32. Bc2 Qf3 33. Qc3 1-0

[Event "9. Bayer Sommeropen"]
[Site "Leverkusen"]
[Date "2025.08.16"]
[Round "2.15"]
[White "Jügel, Marcel"]
[Black "Asadzade, Muhammed"]
[Result "1-0"]
[WhiteElo "2153"]
[BlackElo "1895"]
[PlyCount "87"]
[GameId "2217913298121683"]
[EventDate "2025.??.??"]

1. d4 Nf6 2. Nc3 e6 3. Bf4 d5 4. Nb5 Bb4+ 5. c3 Ba5 6. a4 a6 7. Na3 Ne4 8. e3 Nc6 9. Rc1 Qe7 10. Ne2 g5 11. Bg3 h5 12. f3 Nxg3 13. hxg3 f5 14. f4 g4 15. Rh4 Nd8 16. Nb1 b5 17. b4 Bb6 18. axb5 axb5 19. Nd2 Nf7 20. Ra1 Rxa1 21. Qxa1 c6 22. Nc1 Qa7 23. Qb2 Bd8 24. Rh1 h4 25. Nd3 hxg3 26. Rxh8+ Nxh8 27. Ne5 Bd7 28. Bd3 Bc7 29. Ke2 Bxe5 30. dxe5 Qb6 31. Nb3 Nf7 32. Nc5 Nd8 33. Qa1 Nb7 34. Qa8+ Nd8 35. Bxf5 exf5 36. e6 Bxe6 37. Nxe6 Ke7 38. Nd4 Kf6 39. Qc8 Ke7 40. Nxf5+ Ke8 41. Ng7+ Kf7 42. Qd7+ Kf8 43. Kd3 Qa6 44. Nf5 1-0

[Event "9. Bayer Sommeropen"]
[Site "Leverkusen"]
[Date "2025.08.16"]
[Round "2.16"]
[White "Grünhagen, Marc"]
[Black "Bartsch, Jan"]
[Result "1/2-1/2"]
[WhiteElo "2032"]
[BlackElo "1885"]
[PlyCount "76"]
[GameId "2217913298121684"]
[EventDate "2025.??.??"]

1. d4 d5 2. c4 e6 3. Nc3 Nf6 4. cxd5 exd5 5. Bg5 c6 6. e3 h6 7. Bh4 Be7 8. Bd3 O-O 9. Qc2 Re8 10. Nge2 Nbd7 11. O-O-O b5 12. h3 Ne4 13. Bxe7 Qxe7 14. Bxe4 dxe4 15. g4 b4 16. Na4 Ba6 17. b3 Rac8 18. Nb2 c5 19. Nc4 cxd4 20. Rxd4 Bxc4 21. bxc4 Nb6 22. Kb1 a5 23. Rc1 a4 24. Qb2 b3 25. a3 Red8 26. c5 Rxd4 27. exd4 Nd5 28. Qd2 Qf6 29. Nc3 Nxc3+ 30. Rxc3 Qa6 31. Kb2 Qb5 32. Qe3 Qc6 33. Rc1 Qd5 34. Qc3 Rc6 35. Qc4 Qg5 36. Qe2 Qd5 37. Qc4 Qg5 38. Qe2 Qd5 1/2-1/2

[Event "9. Bayer Sommeropen"]
[Site "Leverkusen"]
[Date "2025.08.16"]
[Round "2.17"]
[White "Wulfken, Christof"]
[Black "Freiknecht, Holger"]
[Result "0-1"]
[WhiteElo "1984"]
[BlackElo "1879"]
[PlyCount "46"]
[GameId "2217913298121685"]
[EventDate "2025.??.??"]

1. d4 d5 2. c3 Nf6 3. Nf3 e6 4. Bf4 Bd6 5. e3 O-O 6. Ne5 b6 7. Bd3 Bb7 8. Nd2 Ne4 9. Qc2 f5 10. Ndf3 c5 11. c4 Nc6 12. cxd5 Nb4 13. Qb3 Nxd3+ 14. Qxd3 Bxd5 15. O-O Rc8 16. b3 cxd4 17. Qxd4 Bc5 18. Qb2 Qe7 19. Nd3 Ba3 20. Qd4 Rfd8 21. Qa4 Bc6 22. Qa6 Bb7 23. Qb5 Nc3 0-1

[Event "9. Bayer Sommeropen"]
[Site "Leverkusen"]
[Date "2025.08.16"]
[Round "2.18"]
[White "Blomer, Moritz"]
[Black "Schulte zu Sodingen, Matthias"]
[Result "1-0"]
[WhiteElo "1965"]
[BlackElo "1862"]
[PlyCount "53"]
[GameId "2217913298121686"]
[EventDate "2025.??.??"]

1. d4 d5 2. Nf3 Nf6 3. c4 c6 4. g3 Bf5 5. Bg2 e6 6. O-O Be7 7. Qb3 b6 8. Ne5 Ng4 9. Bf4 Nxe5 10. Bxe5 O-O 11. Nc3 Nd7 12. Bf4 Nf6 13. cxd5 cxd5 14. Rfc1 Rc8 15. Nb5 Qd7 16. a4 Nh5 17. Bd2 Bd6 18. Nxd6 Qxd6 19. Bb4 Qd7 20. Bxf8 Kxf8 21. Bf1 Nf6 22. e3 Ne4 23. Qb4+ Kg8 24. Qb5 Qb7 25. Rxc8+ Qxc8 26. Rc1 Qb7 27. Qe8# 1-0

[Event "9. Bayer Sommeropen"]
[Site "Leverkusen"]
[Date "2025.08.16"]
[Round "2.19"]
[White "Berndt, Michael"]
[Black "Lambertz, Michael"]
[Result "1/2-1/2"]
[WhiteElo "1849"]
[BlackElo "1951"]
[PlyCount "156"]
[GameId "2217913298121687"]
[EventDate "2025.??.??"]

1. e4 e5 2. Bc4 Nf6 3. d4 exd4 4. Nf3 Nc6 5. O-O Nxe4 6. Nxd4 d5 7. Bb5 Bd7 8. Bxc6 bxc6 9. f3 Nc5 10. Re1+ Be7 11. Bg5 Ne6 12. Bxe7 Qxe7 13. f4 g6 14. Kh1 O-O 15. f5 gxf5 16. Nxf5 Qg5 17. Qf3 Rae8 18. h4 Qf6 19. Nd2 Kh8 20. Rf1 Ng7 21. Nxg7 Qxh4+ 22. Kg1 Qd4+ 23. Qf2 Qxg7 24. Rae1 Be6 25. Nf3 Bd7 26. Rxe8 Rxe8 27. Re1 Rxe1+ 28. Qxe1 Be6 29. Qb4 h6 30. Qb8+ Kh7 31. Qxc7 Qxb2 32. Qxc6 Qxa2 33. Qc3 Qc4 34. Qe3 a5 35. Nd4 Qc5 36. Qe5 Qe7 37. Qe3 Qg5 38. Qd3+ Kg7 39. Qc3 Qf6 40. Nxe6+ fxe6 41. Qxa5 Kg6 42. Qa8 Kf5 43. Qa3 Qd4+ 44. Kh2 Ke5 45. Qa5 Ke4 46. Qd8 Qe3 47. Qg8 Kd4 48. Qh7 Kc3 49. Qc7+ Kd2 50. Qc6 Ke2 51. Qe8 d4 52. Qh5+ Kd2 53. Qg6 e5 54. Qc6 e4 55. Qc4 Qc3 56. Qe6 e3 57. Qxh6 Kxc2 58. Qa6 Kd2 59. Qa2+ Qc2 60. Qa5+ Kd1 61. Qa1+ Ke2 62. Qxd4 Qc7+ 63. Kg1 Qc1+ 64. Kh2 Qd2 65. Qg4+ Ke1 66. Qh4+ Qf2 67. Qb4+ Qd2 68. Qh4+ Kd1 69. Qa4+ Kc1 70. Qa1+ Kc2 71. Qa2+ Kc3 72. Qa3+ Kc4 73. Qa6+ Kd5 74. Qb7+ Ke5 75. Qe7+ Kd4 76. Qd6+ Kc3 77. Qc5+ Kb2 78. Qe5+ Kc2 1/2-1/2

[Event "9. Bayer Sommeropen"]
[Site "Leverkusen"]
[Date "2025.08.16"]
[Round "2.21"]
[White "Scharff, Klaus"]
[Black "Trevisan, Florian"]
[Result "1-0"]
[WhiteElo "1928"]
[BlackElo "1812"]
[PlyCount "84"]
[GameId "2217913298121689"]
[EventDate "2025.??.??"]

1. Nf3 d5 2. d3 Nf6 3. g3 c6 4. Bg2 Bg4 5. h3 Bh5 6. b3 Nbd7 7. Bb2 e6 8. Nbd2 Bd6 9. e4 Qc7 10. Qe2 e5 11. c3 Nc5 12. g4 Bg6 13. Nh4 dxe4 14. dxe4 Ne6 15. Bf3 Nf4 16. Qf1 Rd8 17. Ng2 Ne6 18. h4 h6 19. Rd1 b5 20. Qe2 Qa5 21. Ra1 Ba3 22. Bxa3 Qxa3 23. O-O Qb2 24. Rfd1 Qxc3 25. Rac1 Qa5 26. b4 Qxb4 27. Nb3 Rxd1+ 28. Qxd1 Bxe4 29. Bxe4 Qxe4 30. Qd6 Qd5 31. Qb8+ Qd8 32. Qxa7 O-O 33. Ne3 Nd4 34. Rd1 Nxg4 35. Rxd4 exd4 36. Nxg4 Qxh4 37. Qxd4 f5 38. Ne5 Qg5+ 39. Kf1 Ra8 40. f4 Qg3 41. Nxc6 Rxa2 42. Ne7+ Kh8 1-0

[Event "9. Bayer Sommeropen"]
[Site "Leverkusen"]
[Date "2025.08.16"]
[Round "2.22"]
[White "Metin, Altug"]
[Black "Henseler, Klaus"]
[Result "1-0"]
[WhiteElo "1821"]
[BlackElo "1926"]
[PlyCount "85"]
[GameId "2217913298121690"]
[EventDate "2025.??.??"]

1. d4 Nf6 2. c4 e6 3. g3 d5 4. Nf3 Nbd7 5. Bg2 b6 6. cxd5 exd5 7. Nc3 Bb7 8. O-O c6 9. Re1 Bb4 10. a3 Bxc3 11. bxc3 O-O 12. Qc2 Re8 13. a4 Rc8 14. Ba3 Ne4 15. Nd2 Ndf6 16. Nxe4 Nxe4 17. f3 Nd6 18. e4 Nc4 19. Bc1 c5 20. Qf2 f6 21. h4 cxd4 22. cxd4 Rc7 23. Ra2 Rce7 24. Rae2 Qd7 25. Bf4 a5 26. e5 fxe5 27. Bg5 Rf7 28. dxe5 Qxa4 29. e6 Rc7 30. Qd4 Qc6 31. h5 a4 32. h6 Qc5 33. Qxc5 Rxc5 34. Bh3 Bc8 35. hxg7 Kxg7 36. Bg4 Kg6 37. f4 Nd6 38. Rh2 Rg8 39. Rh6+ Kg7 40. f5 Ne4 41. f6+ Nxf6 42. Rxf6 Kh8 43. e7 1-0

[Event "9. Bayer Sommeropen"]
[Site "Leverkusen"]
[Date "2025.08.16"]
[Round "2.23"]
[White "Mazaheri Tehrani, Mehrdad"]
[Black "Urra, Michelle"]
[Result "1-0"]
[WhiteElo "1921"]
[BlackElo "1801"]
[PlyCount "67"]
[GameId "2217913298121691"]
[EventDate "2025.??.??"]

1. e4 d6 2. d4 Nf6 3. Nc3 c6 4. f4 Qa5 5. Bd3 e5 6. Nf3 Nbd7 7. O-O exd4 8. Ne2 Qb6 9. Nexd4 c5 10. Nf5 Ng4 11. Bc4 Ndf6 12. h3 Bxf5 13. exf5 Nh6 14. g4 Nhg8 15. g5 Nd7 16. Re1+ Ne7 17. Qd5 O-O-O 18. Qxf7 Nc6 19. b3 Nb4 20. Re2 Qc6 21. Kf2 d5 22. c3 dxc4 23. cxb4 cxb4 24. Qxc4 Bc5+ 25. Kg3 Rhe8 26. Bb2 Nb6 27. Qc2 Rg8 28. Rc1 Nd7 29. Re6 Qc7 30. Ne5 Bb6 31. Qe2 Nc5 32. Qb5 Rgf8 33. Kg4 Rd5 34. Qxb4 1-0

[Event "9. Bayer Sommeropen"]
[Site "Leverkusen"]
[Date "2025.08.16"]
[Round "2.24"]
[White "Birnkott, Manfred"]
[Black "Baßenhoff, Aljoscha"]
[Result "1-0"]
[WhiteElo "1918"]
[BlackElo "1737"]
[PlyCount "71"]
[GameId "2217913298121692"]
[EventDate "2025.??.??"]

1. e4 Nf6 2. e5 Nd5 3. d4 d6 4. c4 Nb6 5. exd6 exd6 6. Bd3 Nc6 7. Ne2 Be7 8. Be3 O-O 9. Nbc3 Bf6 10. a3 Bg4 11. Qd2 d5 12. c5 Nc4 13. Bxc4 dxc4 14. O-O Bf5 15. Rfd1 Na5 16. Nc1 Nb3 17. Nxb3 cxb3 18. Re1 c6 19. f3 Bc2 20. Bf2 Qd7 21. Ne4 Be7 22. Qc3 Qd5 23. Bg3 f5 24. Nd6 Bxd6 25. Bxd6 Rfe8 26. Re3 Qf7 27. Rae1 Qg6 28. Qc4+ Kh8 29. Qe2 Rxe3 30. Qxe3 h5 31. Qe7 Bd3 32. Re6 Qh7 33. Be5 Bc4 34. Rd6 h4 35. Qg5 Re8 36. Rh6 1-0

[Event "9. Bayer Sommeropen"]
[Site "Leverkusen"]
[Date "2025.08.16"]
[Round "2.27"]
[White "Lambertz, Walter"]
[Black "Sutharjan, Dakxwin"]
[Result "0-1"]
[WhiteElo "1809"]
[BlackElo "1904"]
[PlyCount "76"]
[GameId "2217913298121695"]
[EventDate "2025.??.??"]

1. e4 c6 2. d4 d5 3. exd5 cxd5 4. Bd3 Nf6 5. Nf3 Qc7 6. O-O g6 7. Re1 Bg7 8. Bg5 O-O 9. Qc1 Nc6 10. Bf4 Qb6 11. c3 Bd7 12. Nbd2 Rac8 13. Nb3 Nb4 14. Nc5 Nxd3 15. Nxd3 Ne4 16. Nfe5 Bb5 17. a4 Bxd3 18. Nxd3 Bxd4 19. Be3 Bxe3 20. Rxe3 Qf6 21. Qe1 e6 22. a5 Qg5 23. Ra4 Rc4 24. Rxc4 dxc4 25. Rxe4 cxd3 26. Rd4 Rd8 27. Rxd8+ Qxd8 28. Qd2 Qxa5 29. f3 Qd5 30. Kf2 e5 31. h4 e4 32. fxe4 Qxe4 33. Qg5 Qe2+ 34. Kg3 d2 35. Qd8+ Kg7 36. Qd4+ f6 37. Qd7+ Kh6 38. Qd6 Qe5+ 0-1

[Event "9. Bayer Sommeropen"]
[Site "Leverkusen"]
[Date "2025.08.16"]
[Round "2.28"]
[White "Arvapalli, Sai Ritvik"]
[Black "Ebert, Wolf"]
[Result "1-0"]
[WhiteElo "1770"]
[BlackElo "1844"]
[PlyCount "123"]
[GameId "2217913298121696"]
[EventDate "2025.??.??"]

1. b3 e6 2. Bb2 d5 3. e3 Nf6 4. Nf3 Nbd7 5. Be2 Bd6 6. O-O O-O 7. d4 c6 8. Ne5 g6 9. Nd2 Re8 10. Bd3 Qc7 11. f4 Kg7 12. c4 Nf8 13. Rc1 Bd7 14. a3 Qd8 15. h3 Qe7 16. c5 Bc7 17. b4 a6 18. a4 Ng8 19. e4 Bxe5 20. fxe5 f5 21. exd5 cxd5 22. b5 Rec8 23. Qe2 axb5 24. axb5 Qe8 25. Nb3 Ra2 26. Rc2 Ne7 27. Nc1 Ra5 28. Bc3 Rxb5 29. Bxb5 Bxb5 30. Nd3 Ra8 31. Ra1 Rxa1+ 32. Bxa1 Qa8 33. Bc3 Qa6 34. Rd2 f4 35. Qf3 g5 36. g3 Bxd3 37. Qxd3 Qa4 38. Rb2 fxg3 39. Rxb7 Kf7 40. Qf1+ Ke8 41. Qb5+ Qxb5 42. Rxb5 Nf5 43. c6 Ng6 44. Rb8+ Kf7 45. Bd2 Nxd4 46. c7 Ne7 47. Bb4 Ndc6 48. Bxe7 Nxe7 49. c8=Q Nxc8 50. Rxc8 h5 51. Kg2 h4 52. Rc1 Kg6 53. Rf1 g4 54. hxg4 Kg5 55. Kh3 d4 56. Rf6 g2 57. Kxg2 Kxg4 58. Rxe6 Kf5 59. Re8 d3 60. e6 d2 61. Rd8 Kxe6 62. Kh3 1-0

[Event "9. Bayer Sommeropen"]
[Site "Leverkusen"]
[Date "2025.08.16"]
[Round "2.29"]
[White "Ye, Philipp"]
[Black "Göbel, Dominik"]
[Result "1-0"]
[WhiteElo "1888"]
[BlackElo "1807"]
[PlyCount "83"]
[GameId "2217913298121697"]
[EventDate "2025.??.??"]

1. e4 c5 2. Nf3 Nc6 3. d4 cxd4 4. Nxd4 Nf6 5. Nc3 e5 6. Ndb5 d6 7. Nd5 Nxd5 8. exd5 Nb8 9. a4 Be7 10. Be2 O-O 11. O-O b6 12. Be3 Bb7 13. c4 Nd7 14. b4 a6 15. Nc3 f5 16. f4 Bf6 17. Rc1 Rc8 18. Qd2 Qe7 19. Rfe1 Rfe8 20. Bd3 g6 21. Bf1 Qg7 22. Ne2 Re7 23. Qd3 exf4 24. Nxf4 Ne5 25. Qd2 Ng4 26. Bxb6 Qh6 27. g3 Rxe1 28. Rxe1 g5 29. Nh3 Ne5 30. Rxe5 Bxe5 31. Nxg5 Rf8 32. Be3 Qg6 33. Ne6 Rf7 34. Nf4 Qf6 35. Qc1 Bd4 36. Ne6 Bxe3+ 37. Qxe3 Re7 38. Qb6 Bc8 39. Qd8+ Kf7 40. Qf8+ Kg6 41. Nf4+ Kg5 42. h4+ 1-0

[Event "9. Bayer Sommeropen"]
[Site "Leverkusen"]
[Date "2025.08.16"]
[Round "2.30"]
[White "Enke, Nils"]
[Black "Rausch, Linus"]
[Result "0-1"]
[WhiteElo "1800"]
[BlackElo "1760"]
[PlyCount "38"]
[GameId "2217913298121698"]
[EventDate "2025.??.??"]

1. e4 c5 2. Nf3 e6 3. d4 cxd4 4. Nxd4 a6 5. Nc3 Qc7 6. Bd3 Bc5 7. Be3 Nf6 8. O-O b5 9. Bxb5 axb5 10. Ndxb5 Qb6 11. Bxc5 Qxc5 12. Nd6+ Ke7 13. e5 Qxe5 14. Ncb5 Ba6 15. Re1 Qd5 16. Nc7 Qxd6 17. Nxa8 Qc6 18. Qf3 d5 19. Nc7 Qxc7 0-1

[Event "9. Bayer Sommeropen"]
[Site "Leverkusen"]
[Date "2025.08.16"]
[Round "2.31"]
[White "Botvinnik, Alexey"]
[Black "Teng, David"]
[Result "1/2-1/2"]
[WhiteElo "1832"]
[BlackElo "1737"]
[PlyCount "52"]
[GameId "2217913298121699"]
[EventDate "2025.??.??"]

1. d4 d5 2. Nf3 Nf6 3. c4 e6 4. g3 Nbd7 5. Qc2 b6 6. Bg2 Bb7 7. O-O Be7 8. cxd5 exd5 9. Nc3 Rc8 10. Qf5 g6 11. Qh3 h5 12. Bg5 c5 13. Rfd1 O-O 14. Ne5 cxd4 15. Nxd7 Nxd7 16. Bxe7 Qxe7 17. Rxd4 Nf6 18. Qh4 Qe5 19. Qf4 Rfe8 20. Rad1 Rc5 21. Qd2 Ne4 22. Nxe4 dxe4 23. Rd8 Rc8 24. Rxe8+ Rxe8 25. e3 Ba6 26. Bf1 Bxf1 1/2-1/2

[Event "9. Bayer Sommeropen"]
[Site "Leverkusen"]
[Date "2025.08.16"]
[Round "2.33"]
[White "Granz, Thomas"]
[Black "Reuter, Florian"]
[Result "1/2-1/2"]
[WhiteElo "1821"]
[BlackElo "1708"]
[PlyCount "49"]
[GameId "2217913298121701"]
[EventDate "2025.??.??"]

1. d4 d5 2. c4 c6 3. g3 Nf6 4. Nf3 e6 5. Bg2 dxc4 6. Qc2 b5 7. Ne5 Bb7 8. e3 Bd6 9. O-O O-O 10. b3 Qc7 11. bxc4 Bxe5 12. dxe5 Qxe5 13. Bb2 Qc5 14. Ba3 b4 15. Bb2 Nbd7 16. Nd2 Qb6 17. Ne4 c5 18. Rad1 Bxe4 19. Bxe4 Nxe4 20. Qxe4 Nf6 21. Bxf6 gxf6 22. Qf4 e5 23. Qg4+ Kh8 24. Qd7 Qe6 25. Qxe6 1/2-1/2

[Event "9. Bayer Sommeropen"]
[Site "Leverkusen"]
[Date "2025.08.16"]
[Round "2.34"]
[White "Chaganti, Prahasith Reddy"]
[Black "Diaubalick, Ulrich"]
[Result "1-0"]
[WhiteElo "1691"]
[BlackElo "1812"]
[PlyCount "65"]
[GameId "2217913298121702"]
[EventDate "2025.??.??"]

1. e4 e6 2. d4 b6 3. c4 Bb7 4. d5 exd5 5. cxd5 d6 6. Nf3 Nf6 7. Bd3 Be7 8. O-O O-O 9. Be3 Nbd7 10. Nc3 Ng4 11. Bd4 a6 12. h3 Bf6 13. hxg4 Bxd4 14. Nxd4 Nc5 15. f4 Nxd3 16. Qxd3 Qd7 17. f5 b5 18. Qh3 c5 19. Nf3 f6 20. Kf2 Qf7 21. Rh1 g6 22. fxg6 Qxg6 23. Qh6 Qf7 24. Rh5 Rae8 25. Rah1 Re7 26. Ne2 Qg7 27. Qf4 Qg6 28. Ng3 Bc8 29. Qxd6 Rd7 30. Qxc5 Qxg4 31. Rxh7 Rxh7 32. Rxh7 Kxh7 33. Qxf8 1-0

[Event "9. Bayer Sommeropen"]
[Site "Leverkusen"]
[Date "2025.08.16"]
[Round "2.35"]
[White "Klees, Robert"]
[Black "Roder, Stephan"]
[Result "0-1"]
[WhiteElo "1657"]
[BlackElo "1717"]
[PlyCount "110"]
[GameId "2217913298121703"]
[EventDate "2025.??.??"]

1. e4 c5 2. d4 cxd4 3. c3 g6 4. Qxd4 Nf6 5. e5 Nc6 6. Qf4 Nd5 7. Qe4 e6 8. Nf3 Bg7 9. c4 Nde7 10. Bd3 Nxe5 11. Nxe5 Qa5+ 12. Bd2 Qxe5 13. Qxe5 Bxe5 14. Bc3 Bxc3+ 15. Nxc3 a6 16. Ne4 f5 17. Nd6+ Kf8 18. Nxc8 Rxc8 19. O-O Kf7 20. Rfe1 Kf6 21. f4 Rhd8 22. b3 Nc6 23. a3 e5 24. fxe5+ Nxe5 25. Bc2 d5 26. Rad1 dxc4 27. bxc4 Rxd1 28. Rxd1 Rxc4 29. Bb3 Rc3 30. Rd6+ Kg5 31. Rb6 Nd3 32. g3 Rc7 33. Bd5 Nc5 34. Kg2 Rd7 35. h4+ Kh6 36. Bf3 Ne4 37. g4 Kg7 38. h5 Rd2+ 39. Kg1 Rd3 40. Rxb7+ Kh6 41. Bxe4 fxe4 42. Kf2 Rxa3 43. hxg6 hxg6 44. Rb6 Kg5 45. Re6 Kxg4 46. Rxe4+ Kh5 47. Re5+ g5 48. Re8 a5 49. Kg2 Kg4 50. Rf8 Ra2+ 51. Kh1 Kg3 52. Rf1 g4 53. Rg1+ Kh3 54. Rg2 Ra1+ 55. Rg1 Rxg1+ 0-1

[Event "9. Bayer Sommeropen"]
[Site "Leverkusen"]
[Date "2025.08.16"]
[Round "2.36"]
[White "Tonev, Vasil"]
[Black "Eßer, Daniel"]
[Result "1-0"]
[WhiteElo "1843"]
[BlackElo "1605"]
[PlyCount "39"]
[GameId "2217913298170856"]
[EventDate "2025.??.??"]

1. Nf3 e6 2. d4 d5 3. g3 Nf6 4. Bg2 c5 5. O-O Nc6 6. c4 dxc4 7. Na3 cxd4 8. Nxc4 Bc5 9. Bf4 Nd5 10. Bg5 f6 11. Bd2 e5 12. Qc2 Be6 13. Ncxe5 Nxe5 14. Qxc5 d3 15. exd3 b6 16. Qb5+ Qd7 17. Qxd7+ Nxd7 18. Nd4 Bg4 19. Rfe1+ Kf7 20. Bxd5+ 1-0

[Event "9. Bayer Sommeropen"]
[Site "Leverkusen"]
[Date "2025.08.16"]
[Round "2.37"]
[White "Freiknecht, Axel"]
[Black "Ferfers, Ralph"]
[Result "1/2-1/2"]
[WhiteElo "1798"]
[BlackElo "1596"]
[PlyCount "140"]
[GameId "2217913298170857"]
[EventDate "2025.??.??"]

1. Nf3 b6 2. g3 Bb7 3. Bg2 e5 4. d3 h6 5. Nc3 Bb4 6. O-O d6 7. Bd2 Nf6 8. a3 Bxc3 9. Bxc3 Nc6 10. e4 Qd7 11. Qe2 O-O 12. Bd2 Kh7 13. c3 Ba6 14. b4 Ng8 15. Nh4 Nce7 16. f4 Ng6 17. Nf3 exf4 18. gxf4 Rae8 19. c4 d5 20. f5 Ne5 21. Nxe5 Rxe5 22. Bc3 d4 23. Bd2 Bc8 24. Qf2 c5 25. Bf4 Ree8 26. Rab1 g5 27. Bg3 cxb4 28. axb4 f6 29. Bf3 Rd8 30. Bh5 Ne7 31. b5 Qb7 32. Rfc1 Rd7 33. Bf3 Rdd8 34. c5 bxc5 35. Rxc5 Rf7 36. Qc2 Rd7 37. Kg2 Kg7 38. Rc1 Qb6 39. Bc7 Rxc7 40. Rxc7 Qxb5 41. Rc5 Qd7 42. Qa2 a6 43. Qa5 Qb7 44. Bh5 Nxf5 45. Bxf7 Qb2+ 46. R5c2 Ne3+ 47. Kg1 Nxc2 48. Qd2 Kxf7 49. Qxc2 Qxc2 50. Rxc2 Bd7 51. Kf2 Ke6 52. Rc5 Kd6 53. Rd5+ Ke6 54. Rxd4 a5 55. Rd5 a4 56. Ra5 h5 57. Ke3 h4 58. d4 Ke7 59. Ra7 Kd6 60. Ra6+ Ke7 61. Ra5 Ke6 62. d5+ Ke5 63. Ra7 Kd6 64. Kd4 g4 65. Ke3 h3 66. Kf4 Ke7 67. Ra6 Kf7 68. Ra7 Ke7 69. Rb7 Kd6 70. Rb6+ Ke7 1/2-1/2

[Event "9. Bayer Sommeropen"]
[Site "Leverkusen"]
[Date "2025.08.16"]
[Round "2.38"]
[White "Depping, Thomas"]
[Black "Hüttner, Moritz"]
[Result "1-0"]
[WhiteElo "1796"]
[BlackElo "1587"]
[PlyCount "81"]
[GameId "2217913298170858"]
[EventDate "2025.??.??"]

1. e4 c6 2. d4 d5 3. exd5 cxd5 4. Bd3 Nf6 5. h3 e6 6. Nf3 Bd6 7. O-O O-O 8. Re1 Nc6 9. c3 Bd7 10. Ne5 Rc8 11. Bg5 Be7 12. Bf4 h6 13. Nd2 Be8 14. Qf3 Nxe5 15. Bxe5 Bc6 16. Qg3 Nh5 17. Qf3 Nf6 18. Bc2 Nd7 19. Qd3 g6 20. Nf3 a6 21. Bf4 Bb5 22. Qd2 h5 23. a4 Bc6 24. Ne5 Nxe5 25. Bxe5 Bg5 26. Bf4 Bxf4 27. Qxf4 Kg7 28. Re3 Qf6 29. Qg3 Ra8 30. Rf3 Qe7 31. Qe5+ Kh7 32. Qxh5+ Kg8 33. Qe5 b5 34. a5 Rab8 35. b4 Rbc8 36. Re1 Rc7 37. Ree3 Rfc8 38. Rg3 Bb7 39. Ref3 Kh7 40. Qh5+ Kg7 41. Bxg6 1-0

[Event "9. Bayer Sommeropen"]
[Site "Leverkusen"]
[Date "2025.08.16"]
[Round "2.39"]
[White "Gail, Edgar"]
[Black "Liu, Mio Runhan"]
[Result "1-0"]
[WhiteElo "1764"]
[BlackElo "1572"]
[PlyCount "107"]
[GameId "2217913298170859"]
[EventDate "2025.??.??"]

1. e4 e5 2. Nf3 Nc6 3. Bb5 a6 4. Ba4 Nf6 5. O-O d6 6. Re1 Be7 7. d4 b5 8. Bb3 O-O 9. c3 Bg4 10. d5 Na5 11. Bc2 Nc4 12. b3 Nb6 13. Be3 a5 14. Nbd2 Rc8 15. Qe2 Qd7 16. Bd3 b4 17. cxb4 axb4 18. Bb5 Qd8 19. Rac1 Bd7 20. Bc6 Bxc6 21. Rxc6 Ra8 22. Rec1 Ne8 23. Nc4 Nxc4 24. R1xc4 Rb8 25. Bd2 f5 26. Bxb4 fxe4 27. Rxe4 Rf4 28. Rxf4 exf4 29. Bd2 Nf6 30. Bxf4 Qe8 31. Qe6+ Kh8 32. Rxc7 Bd8 33. Qxe8+ Nxe8 34. Rc4 Bf6 35. h3 h6 36. Nd4 Bxd4 37. Rxd4 Kg8 38. Rc4 g5 39. Be3 Nf6 40. Rc6 Nxd5 41. Rxd6 Nc3 42. Ra6 Kh7 43. Kf1 Nd5 44. Rd6 Nb4 45. a4 Nc2 46. Rd3 Nb4 47. Rd7+ Kg8 48. Bc5 Kh8 49. Bxb4 Rxb4 50. Rd3 Kg7 51. Ke2 Kf6 52. Kd2 Ke5 53. Kc3 Rf4 54. f3 1-0

[Event "9. Bayer Sommeropen"]
[Site "Leverkusen"]
[Date "2025.08.16"]
[Round "2.40"]
[White "Milz, Ulrich"]
[Black "Mao, Yuke"]
[Result "1-0"]
[WhiteElo "1739"]
[BlackElo "1532"]
[PlyCount "67"]
[GameId "2217913298170860"]
[EventDate "2025.??.??"]

1. e4 e6 2. Bc4 d5 3. exd5 exd5 4. Bb3 c5 5. d3 Nf6 6. h3 Nc6 7. a3 Bd6 8. Nf3 O-O 9. O-O h6 10. Nc3 Be6 11. Ne2 Qc7 12. c4 dxc4 13. dxc4 Rad8 14. Qc2 Rfe8 15. Be3 Na5 16. Ba2 Qd7 17. Nf4 Bxf4 18. Bxf4 Bf5 19. Qc3 Nc6 20. Rad1 Qc8 21. Bxh6 Kh7 22. Bg5 Ne4 23. Rxd8 Rxd8 24. Qe3 Re8 25. Qf4 f6 26. Qh4+ Kg8 27. Be3 Ne7 28. b4 Ng6 29. Qh5 Kf7 30. Nh4 Nd6 31. Nxg6 Bxg6 32. Qd5+ Re6 33. Bb1 Bh5 34. Qxh5+ 1-0

[Event "9. Bayer Sommeropen"]
[Site "Leverkusen"]
[Date "2025.08.16"]
[Round "2.42"]
[White "Langensiepen, Burkhard"]
[Black "Stutt, Jonas"]
[Result "1-0"]
[WhiteElo "1627"]
[BlackElo "1689"]
[PlyCount "63"]
[GameId "2217913298170862"]
[EventDate "2025.??.??"]

1. Nf3 d5 2. c4 e6 3. g3 Nf6 4. Bg2 Be7 5. O-O O-O 6. cxd5 exd5 7. d4 Nbd7 8. Nc3 Nb6 9. b3 c6 10. a4 a5 11. Ba3 Bxa3 12. Rxa3 Qe7 13. Ra2 Bf5 14. Re1 Rfe8 15. e3 Bg4 16. Qc1 Nbd7 17. Qb1 Ne4 18. Nxe4 dxe4 19. Nd2 Nf6 20. Nc4 Nd7 21. Rb2 Bf3 22. b4 Bxg2 23. Kxg2 axb4 24. Rxb4 Qg5 25. Nd6 Re6 26. Nxe4 Qd5 27. f3 Qh5 28. Rxb7 Rh6 29. Rh1 Qh3+ 30. Kf2 f6 31. Qb3+ Kf8 32. Nd6 1-0